Menová expozícia

Charakteristika menovej expozície a menového rizika. Typy menovej expozície: transakčná menová citlivosť, operatívna (ekonomická) expozícia, účtovná (translačná) citlivosť, daňová citlivosť. Transakčná expozícia a jej meranie. Príklady.

Guardado en:
Detalles Bibliográficos
Autor principal: Polednáková, Anna, 1957-
Formato: Capítulo de libro
Lenguaje:eslovaco
Materias:
Etiquetas: Agregar Etiqueta
Sin Etiquetas, Sea el primero en etiquetar este registro!

MARC

LEADER 00000naa a2200000 4500
001 r036621
005 20240502071333.2
041 0 |a slo 
044 |a SK 
245 1 0 |a Menová expozícia  |c Anna Polednáková 
520 |a Charakteristika menovej expozície a menového rizika. Typy menovej expozície: transakčná menová citlivosť, operatívna (ekonomická) expozícia, účtovná (translačná) citlivosť, daňová citlivosť. Transakčná expozícia a jej meranie. Príklady. 
610 2 0 |a mena 
610 2 0 |a manažment finančný 
610 2 0 |a kurz menový 
610 2 0 |a riziko 
610 2 0 |a citlivosť 
610 2 0 |a expozícia menová 
610 2 0 |a pojmy 
100 1 |a Polednáková, Anna, 1957-